000 00547nam a2200241Ia 4500
003 OSt
005 20220912153029.0
006 a|||||r|||| 00| 0
007 ta
008 220909b |||||||| |||| 00| 0 eng d
024 _a24962
037 _cTextual
040 _aCSL
_beng
_cCSL
041 _aeng
082 _aB90D, J8
100 _aHosmer George L
245 0 _aPractiacl astronomy
250 _a4
260 _c1958
300 _ap.
_ccm.
942 _hB90D, J8
_cTEXL
_2CC
999 _c96603
_d96603